[Event "Steinfurt Bezirksliga 1415"]
[Site "Germany"]
[Date "2014.11.08"]
[Round "3.7"]
[White "Peters, Tobias"]
[Black "Baeumker, Andreas"]
[Result "1-0"]
[WhiteElo "1541"]
[BlackElo "1475"]
[PlyCount "120"]
[EventDate "2014.09.06"]
[EventType "team-tourn"]
[EventRounds "9"]
[EventCountry "GER"]
[SourceTitle "EXT 2016"]
[Source "ChessBase"]
[SourceDate "2015.10.08"]
[SourceVersion "1"]
[SourceVersionDate "2015.10.08"]
[SourceQuality "1"]
[WhiteTeam "Emsdetten Rochade III"]
[BlackTeam "Neuenkirchen II"]
[WhiteTeamCountry "GER"]
[BlackTeamCountry "GER"]

1. e4 d6 2. d4 Nf6 3. Nc3 g6 4. f4 Bg7 5. Nf3 Nc6 6. Bc4 Bg4 7. Be3 Bxf3 8. Qxf3 Nd7 9. e5 e6 10. 0-0-0 d5 11. Be2 a6 12. g4 b5 13. Rdf1 Ne7 14. h4 c6 15. h5 Qa5 16. Kb1 Nb6 17. hxg6 fxg6 18. Rf2 Nc4 19. Bxc4 bxc4 20. Bd2 Qb6 21. Na4 Qxd4 22. Be3 Qe4 23. Qxe4 dxe4 24. Nc5 Kf7 25. Nxe4 Nc8 26. Ng5+ Kg8 27. Rd2 Ne7 28. Rd7 Bf8 29. Bc5 Re8 30. Nxe6 h6 31. Nxf8 Kxf8 32. f5 gxf5 33. gxf5 Kf7 34. e6+ Kf6 35. Bd4+ Kxf5 36. Bxh8 Kxe6 37. Ra7 Rxh8 38. Re1+ Kd6 39. Raxe7 h5 40. R7e6+ Kc7 41. R6e4 h4 42. Rxc4 h3 43. b3 h2 44. Rh1 Kd6 45. Rg4 a5 46. Rg2 a4 47. Kb2 axb3 48. axb3 c5 49. Rgxh2 Rb8 50. Rh6+ Kd5 51. c4+ Kd4 52. R6h4+ Kd3 53. R1h3+ Kd2 54. Rg4 Re8 55. Rg2+ Re2 56. Rxe2+ Kxe2 57. Kc2 Kf2 58. Kd2 Kg2 59. Re3 Kf2 60. Rd3 Kg2 1-0